<?xml version="1.0" encoding="UTF-8"?>
<collection xmlns="http://www.loc.gov/MARC21/slim">
 <record>
  <leader>00993cam a2200253 7i4500</leader>
  <controlfield tag="001">0000149695</controlfield>
  <controlfield tag="005">20200825090000.0</controlfield>
  <controlfield tag="007">##co#cg#   uuuuu</controlfield>
  <controlfield tag="008">2t20192019my #   go# d###     eng##</controlfield>
  <datafield tag="020" ind1="#" ind2="#">
   <subfield code="a">9789672320586  </subfield>
  </datafield>
  <datafield tag="040" ind1="#" ind2="#">
   <subfield code="a">UMT </subfield>
  </datafield>
  <datafield tag="090" ind1="0" ind2="#">
   <subfield code="a">HF 5630 </subfield>
   <subfield code="b">.F6 2019</subfield>
  </datafield>
  <datafield tag="245" ind1="0" ind2="0">
   <subfield code="a">Fostering professionalism in accounting graduates : </subfield>
   <subfield code="b">TAF : Teaching Accountancy Firm.</subfield>
  </datafield>
  <datafield tag="264" ind1="#" ind2="1">
   <subfield code="a">Kuala Nerus, Terengganu : </subfield>
   <subfield code="b">Penerbit UMT, Universiti Malaysia Terengganu  , </subfield>
   <subfield code="c">2019.</subfield>
  </datafield>
  <datafield tag="264" ind1="#" ind2="4">
   <subfield code="c">♭2019.</subfield>
  </datafield>
  <datafield tag="300" ind1="#" ind2="#">
   <subfield code="a">1 computer disc (55 pages) : </subfield>
   <subfield code="b">colour charts, colour photographs ; </subfield>
   <subfield code="c">12 cm.</subfield>
  </datafield>
  <datafield tag="336" ind1="#" ind2="#">
   <subfield code="a">text</subfield>
   <subfield code="2">rdacontent</subfield>
  </datafield>
  <datafield tag="337" ind1="#" ind2="#">
   <subfield code="a">unmediated</subfield>
   <subfield code="2">rdamedia</subfield>
  </datafield>
  <datafield tag="338" ind1="#" ind2="#">
   <subfield code="a">volume</subfield>
   <subfield code="2">rdacarrier</subfield>
  </datafield>
  <datafield tag="347" ind1="#" ind2="#">
   <subfield code="a">text file </subfield>
   <subfield code="b">PDF </subfield>
   <subfield code="2">rda</subfield>
  </datafield>
  <datafield tag="650" ind1="#" ind2="0">
   <subfield code="a">Accounting  -- </subfield>
   <subfield code="x">Study and teaching (Internship) </subfield>
  </datafield>
  <datafield tag="650" ind1="#" ind2="0">
   <subfield code="a">Academic-industrial collaboration  -- </subfield>
   <subfield code="z">Malaysia  -- </subfield>
   <subfield code="z">Terengganu </subfield>
  </datafield>
  <datafield tag="650" ind1="#" ind2="0">
   <subfield code="a"> Government publications  -- </subfield>
   <subfield code="z">Malaysia </subfield>
  </datafield>
  <datafield tag="999" ind1=" " ind2=" ">
   <subfield code="a">1100108595</subfield>
   <subfield code="b">CD-ROM</subfield>
   <subfield code="c">Bahan Sumber Media</subfield>
   <subfield code="e">BILIK BAHAN SUMBER MEDIA</subfield>
  </datafield>
 </record>
</collection>
